Sports Quiz

Random Sports or NBA Quiz
Score 0/15 Timer 20:00
0 Plays Today
Question Answer Wrong Answers
VERY EASY- 36.1 PTS, 6.6 REB, 7.5 AST, 2.0 STL, 5.0 TO James Harden
98%
Stephen Curry
0%
Lebron James
1.5%
Kosta Koufos
0.5%
SUPER EASY- 27.7 PTS, 12.5 REB, 5.9 AST, WON MVP Giannis Antetokounmpo
97.5%
James Harden
2.5%
Rudy Gobert
0%
Paul George
0%
EASY- 17.3 PTS, (Lead League) 15.6 REB, 1.4 AST, 1.7 STL 1.7 BLK Andre Drummond
93.5%
Hassan Whiteside
1.5%
Joel Embiid
4.5%
Jimmy Butler
0.5%
EASY- 22.9 PTS, 11.1 REB, 10.7 AST, 1.9 STL, 4.5 TO Russell Westbrook
93.5%
James Harden
0%
Chris Paul
0.5%
Nikola Jokic
5.5%
EASY- 26.6 PTS, 4.1 REB, 6.8 AST, 4.1 TO, (non all-star) Devin Booker
86.5%
D'Angelo Russell
3%
Victor Oladipo
4%
Buddy Hield
6%
MEDIUM- 15.6 PTS, 4.5 REB, 3.2 AST, 50%-40%-90% Club. Malcolm Brogdon
78%
Stephen Curry
2%
Bojan Bogdanovic
15.5%
Dirk Nowitzki
3.5%
MEDIUM- 15.9 PTS, 12.9 REB, 2.3 BLK, 306 DUNKS (NBA RECORD) Rudy Gobert
77%
Giannis Antetokounmpo
3%
Clint Capela
11.5%
DeAndre Jordan
7.5%
HARD-18.2 PTS, 4.2 REB, 4.8 AST Jamal Murray
51.5%
Jordan Clarkson
13%
Collin Sexton
13.5%
Andrew Wiggins
19.5%
MEDIUM- 21.5 PTS, 3.8 REB, 2.4 AST, 3.1 3PM. Klay Thompson
51%
Danny Green
4%
Kevin Durant
1%
Buddy Hield
41.5%
HARD- 15.0 PTS, 4.0 REB, 4.2 AST Dwyane Wade
44.5%
Terrence Ross
18%
Emmanuel Mudiay
13%
Jeremy Lamb
22.5%
MEDIUM- 14.2 PTS, 8.7 AST, 4.8 REB, 7.0 3PA. Kyle Lowry
43.5%
Chris Paul
15.5%
De'Aaron Fox
9.5%
Trae Young
30%
HARD- 11.9 PTS, 4.8 REB, 1.7 AST Jae Crowder
42%
Josh Jackson
23%
Demarre Carroll
20.5%
Bryn Forbes
12%
HARD- 7.8 PTS, 3.7 REB, 1.4 AST Josh Hart
29%
Jamal Crawford
13%
Seth Curry
27.5%
Patrick Beverley
28%
IMPOSSIBLE- 3.7 PTS, 4.2 REB, 0.9 AST Kosta Koufos
23%
Jordan Bell
32%
Dante Cunningham
14%
Zaza Pachulia
28%
HARD- 12.5 PTS, 5.4 REB, 3.7 AST Trevor Ariza
11.5%
Justise Winslow
26.5%
Joe Ingles
34%
Thaddeus Young
25.5%

You're not logged in!

Compare scores with friends on all Sporcle quizzes.
OR
Log In

Sporcle TV

Today on Sporcle TV


Watch our educational content, quiz creation guides, and fun videos on Sporcle TV.

Show Comments

Extras

Created Jul 1, 2019ReportNominate
Tags:NBA Quiz, 2018-2019, Player, stat

Top Quizzes Today


Score Distribution

Paid Content

Your Account Isn't Verified!

In order to create a playlist on Sporcle, you need to verify the email address you used during registration. Go to your Sporcle Settings to finish the process.

Report this User

Report this user for behavior that violates our Community Guidelines.

Details: